Discrete Geometry for Computer Imagery : 18th IAPR International Conference, DGCI 2014, Siena, Italy, September 10-12, 2014 : Proceedings /
Selección de ponencias presentadas en la décima octava Conferencia Internacional sobre Geometría Discreta para Imágenes por Computadora, celebrada en Siena, Italia, en septiembre de 2014. Los artículos se enfocan en ocho tópicos de investigación: Modelos para geometría discreta; Topología discreta y...
Tallennettuna:
| Yhteisötekijä: | |
|---|---|
| Muut tekijät: | , , |
| Aineistotyyppi: | Konferenssijulkaisu Kirja |
| Kieli: | englanti |
| Julkaistu: |
Cham, Suiza :
Springer,
2014, c2014
|
| Sarja: | (Lecture Notes in Computer Science ;
8668) |
| Aiheet: | |
| Linkit: | Ver documento en línea |
| Tagit: |
Ei tageja, Lisää ensimmäinen tagi!
|
MARC
| LEADER | 00000nam^a2200000^a^4500 | ||
|---|---|---|---|
| 001 | 000554920 | ||
| 005 | 20251023000000.0 | ||
| 009 | 20260310131707.207 | ||
| 020 | |a 978-3-319-09955-2 | ||
| 037 | |a Acervo ITESO - Biblioteca | ||
| 041 | |a ING | ||
| 082 | |a Libro en línea | ||
| 111 | |a International Conference on Discrete Geometry for Computer Imagery ( |n 18a : |d 2014 : |c Siena, Italia) | ||
| 245 | 1 | 0 | |a Discrete Geometry for Computer Imagery : |b 18th IAPR International Conference, DGCI 2014, Siena, Italy, September 10-12, 2014 : Proceedings / |c Ed. de E. Barcucci, A. Frosini, S. Rinaldi. |
| 264 | 4 | |a Cham, Suiza : |b Springer, |c 2014, c2014 | |
| 264 | 2 | |a Cham, Suiza : |b Springer Link [distribución], |c 2014, c2014 | |
| 300 | |a 1 libro electrónico en línea (XII, 423 p.) | ||
| 300 | |a 1 recurso en línea | ||
| 336 | |a datos para computadora |b cod |2 rdacontenido | ||
| 337 | |a computadora |b c |2 rdamedio | ||
| 338 | |a recurso en línea |b cr |2 rdasoporte | ||
| 440 | 1 | |a (Lecture Notes in Computer Science ; |v 8668) | |
| 506 | 0 | |a Licencias ilimitadas | |
| 520 | |a Selección de ponencias presentadas en la décima octava Conferencia Internacional sobre Geometría Discreta para Imágenes por Computadora, celebrada en Siena, Italia, en septiembre de 2014. Los artículos se enfocan en ocho tópicos de investigación: Modelos para geometría discreta; Topología discreta y combinatoria; Transformaciones geométricas; Representación, reconocimiento y análisis de formas discretas; Tomografía discreta; Análisis morfológico; Modelado discreto y visualización; Herramientas discretas y combinatorias para segmentación y análisis de imágenes. | ||
| 649 | |a XX | ||
| 650 | |a Reconocimiento de Patrones | ||
| 650 | |a Visión por Computadora | ||
| 650 | |a Manipulación de Imagen por Computadora | ||
| 650 | |a Procesamiento de Imágenes | ||
| 650 | |a Gráficas por Computadora | ||
| 650 | |a Sistemas de Imagen | ||
| 650 | |a Métodos Gráficos - |x Congresos - |x Tema Principal | ||
| 650 | |a Métodos Gráficos - |x Tema Principal | ||
| 650 | |a Topología | ||
| 650 | |a Transformaciones (Matemáticas) | ||
| 650 | |a Geometría Diferencial | ||
| 650 | |a Geometría | ||
| 650 | |a Matemáticas Discretas | ||
| 650 | |a Matemáticas | ||
| 650 | |a Inteligencia Artificial | ||
| 650 | |a Ingeniería Computacional | ||
| 700 | |a Barcucci, Elena |e (edición) | ||
| 700 | |a Frosini, Elena |e (edición) | ||
| 700 | |a Rinaldi, Simone |e (edición) | ||
| 856 | 4 | 0 | |u https://link-springer-com.ezproxy.iteso.mx/10.1007/978-3-319-09955-2 |y Ver documento en línea |
| 910 | |a Fondo General | ||
| 920 | |a Electrónicos - Libros en Línea | ||
| 930 | |a Plataforma Digital | ||
| 905 | |a 205 | ||
| 901 | |a 554920-1 |b IT2 |c EBO |i C |u 20250521 | ||
| 902 | |a https://opac.biblio.iteso.mx/vufind/Record/000554920 | ||